|
|
|
|
| LEADER |
00000nam0a2200000 4500 |
| 001 |
261275 |
| 005 |
20231101233542.0 |
| 035 |
|
|
|a (RuTPU)RU\TPU\book\284251
|
| 090 |
|
|
|a 261275
|
| 100 |
|
|
|a 20140522d1928 m y0rusy50 ca
|
| 101 |
0 |
|
|a rus
|
| 102 |
|
|
|a RU
|
| 105 |
|
|
|a a j 000zy
|
| 200 |
1 |
|
|a Краткий курс лекций по производству светильных газов и технологии нефти, жиров и масел
|e учебное пособие для втузов
|f П. И. Шестаков
|
| 210 |
|
|
|a Ленинград
|c Научное химико-техническое издательство
|d 1928
|
| 215 |
|
|
|a 270 с.
|c ил.
|
| 606 |
1 |
|
|a Газовые смеси,горючие
|2 stltpush
|3 (RuTPU)RU\TPU\subj\33078
|9 55416
|
| 606 |
1 |
|
|a Нефть
|x Технология
|2 stltpush
|3 (RuTPU)RU\TPU\subj\33713
|9 55869
|
| 610 |
1 |
|
|a производство
|
| 610 |
1 |
|
|a жиры
|
| 610 |
1 |
|
|a жирные масла
|
| 675 |
|
|
|a 662.613
|v 3
|
| 675 |
|
|
|a 665.6
|v 3
|
| 700 |
|
1 |
|a Шестаков
|b П. И.
|
| 801 |
|
1 |
|a RU
|b 63413507
|c 20140522
|
| 801 |
|
2 |
|a RU
|b 63413507
|c 20140710
|g RCR
|
| 942 |
|
|
|c BK
|